Statistiques concernant Tous les clubs du big five européen (2023/2024)

Cliquez ici pour prendre le quiz!

Statistiques générales

  • Ce quiz a été pris 638 fois
  • Le résultat moyen est 53 sur 96

Statistiques - réponses

Ligue 1% Correct
Paris Saint-Germain
98%
Olympique de Marseille
97%
Manchester City
95%
Olympique lyonnais
95%
LOSC Lille
93%
Manchester United
93%
Stade rennais FC
92%
FC Nantes
91%
Liverpool
90%
RC Lens
90%
Chelsea
89%
OGC Nice
89%
Real Madrid
89%
Arsenal
88%
AS Monaco
88%
Barcelone
88%
Toulouse FC
87%
RC Strasbourg
86%
Atletico Madrid
84%
Stade brestois 29
84%
Montpellier HSC
83%
Clermont Foot 63
81%
Inter Milan
81%
Stade de Reims
81%
Bayern Munich
80%
Juventus Turin
79%
FC Metz
78%
FC Séville
77%
Tottenham
77%
FC Lorient
75%
Le Havre AC
75%
Milan AC
72%
Naples
70%
Aston Villa
69%
Borussia Dortmund
68%
Newcastle
68%
Brighton & Hove Albion
67%
Lazio Rome
67%
West Ham
65%
AS Rome
64%
Everton
61%
Valence
61%
Real Sociedad
59%
Bayer 04 Leverkusen
58%
Betis Séville
57%
RB Leipzig
56%
Villarreal
53%
Wolverhampton
53%
Luton Town
51%
1. FC Union Berlin
48%
Girona
48%
Athletic Bilbao
47%
Burnley
47%
Crystal Palace
47%
Fiorentina
46%
Atalanta Bergame
43%
Torino
42%
Bournemouth
41%
Brentford
41%
Fulham
41%
VfB Stuttgart
39%
Borussia Mönchengladbach
38%
Eintracht Francfort
38%
Sheffield Utd
38%
VfL Wolfsburg
38%
Bologne
37%
Getafe
36%
Nottingham
36%
1. FC Cologne
34%
Genoa
34%
Sassuolo
34%
Las Palmas
31%
Almeria
30%
Cagliari
30%
Majorque
30%
Udinese
30%
Werder Brême
30%
Celta Vigo
29%
Grenade
29%
Osasuna
28%
Hellas Vérone
27%
Salernitana
27%
Lecce
25%
Rayo Vallecano
25%
TSG Hoffenheim
25%
1. FSV Mayence 05
24%
Alavès
24%
Cadix
24%
SC Fribourg
24%
Monza
21%
FC Augsbourg
19%
Frosinone
19%
VfL Bochum
19%
Empoli
18%
1. FC Heidenheim
13%
SV Darmstadt 98
12%

Distribution des résultats

Percentile par nombre de réponses

% des personnes avec chaque résultat

Votre développement - résultats

Vous n’avez pas pris ce quiz